[Event "Belt and Road Hunan Op A"]
[Site "Changsha CHN"]
[Date "2019.08.06"]
[Round "9.34"]
[White "Batsiashvili, Nino"]
[Black "Li, Shilong"]
[Result "1/2-1/2"]
[WhiteTitle "GM"]
[BlackTitle "GM"]
[WhiteElo "2433"]
[BlackElo "2457"]
[WhiteFideId "13602993"]
[BlackFideId "8600678"]
[EventDate "2019.07.29"]

1. c4 Nf6 2. Nc3 e5 3. Nf3 Nc6 4. e4 d6 5. d4 Bg4 6. d5 Nd4 7. Be2 Nxe2 8. Qxe2
Be7 9. h3 Bd7 10. Be3 O-O 11. g4 c5 12. Nd2 a6 13. Nf1 b5 14. Ng3 bxc4 15. f3
Ne8 16. h4 Rb8 17. Kf1 Nc7 18. a4 Rb4 19. Nf5 Re8 20. Rh2 Na8 21. Qc2 Bf8 22. h5
Qa5 23. g5 Nc7 24. Ra2 Rb3 25. Bd2 Qb6 26. g6 Rb8 27. Bc1 fxg6 28. hxg6 hxg6 29.
Nh4 Be8 30. Qg2 Rxc3 31. bxc3 Qb1 32. Qc2 Be7 33. Rb2 Qxc2 34. Rhxc2 Rb3 35. Ng2
Bxa4 36. Ne3 Rxb2 37. Rxb2 Bb3 38. Rb1 a5 39. Ra1 a4 40. Kf2 Nb5 41. Nxc4 Bxc4
42. Rxa4 Bh4+ 43. Kg2 Be2 44. Bd2 Kf7 45. Kh3 Be7 46. Kg3 Nc7 47. Ra7 Nb5 48.
Rb7 Ke8 49. Rb8+ Kd7 50. Rh8 Nc7 51. Rh2 Bb5 52. Kf2 Ke8 53. Rh8+ Bf8 54. Rh1
Bd3 55. Ra1 Be7 56. Kg3 Nb5 57. Ra8+ Kd7 58. Rh8 Na3 59. Rh7 Nb1 60. Be1 Bf6 61.
Kg4 Kc7 62. Rh8 Kb7 63. Rf8 Kb6 64. Rb8+ Ka5 65. Rb7 Ka4 66. Rd7 Kb3 67. Rxd6
Nxc3 68. Rb6+ Kc4 69. d6 Bc2 70. d7 Ba4 71. Rd6 Bxd7+ 72. Rxd7 Nb5 73. Bg3 Nd4
74. f4 exf4 75. Bxf4 Nc6 76. Rd5 Nb4 77. Rd6 Nd3 78. Kf3 g5 79. Bg3 Kc3 80. Rd5
Kc4 81. Kg4 Nb4 82. Rd6 Kb5 83. e5 Be7 84. Rd7 Nc6 85. Kf5 c4 86. Be1 g4 87.
Rd5+ Ka4 88. Kxg4 Kb3 89. Kf5 c3 90. Rb5+ Kc4 91. Rb7 c2 92. Bd2 Ba3 93. e6 Nd4+
94. Kg6 Nxe6 95. Be3 Kd5 96. Rb3 c1=Q 97. Bxc1 Bxc1 98. Rb5+ Kc6 99. Rb1 Bh6
100. Rh1 Bf4 101. Re1 Kd7 102. Rxe6 1/2-1/2